Memoria

Gespeichert in:
Bibliographische Detailangaben
Format: Text
Veröffentlicht: Montevideo: ISTR
Tags: Tag hinzufügen
Keine Tags, Fügen Sie den ersten Tag hinzu!

MARC

LEADER 00000 a a2200000 04500
001 28859
003
040
090 |a 190000  |b RECURSO ELECTRONICO  
245 |a Memoria  
260 |a Montevideo:   |b ISTR  
999 |c 2410  |d 2410